La supervivencia del tiburón: en algún lugar entre CITES y la OMC

Kaydedildi:
Detaylı Bibliyografya
Materyal Türü: Metin
Konular:
Etiketler: Etiketle
Etiket eklenmemiş, İlk siz ekleyin!

MARC

LEADER 00000 a a2200000 04500
001 13136
003
040
245 |a La supervivencia del tiburón:   |b en algún lugar entre CITES y la OMC  
650 |a OMC  
650 |a PESCA  
650 |a RECURSOS MARINOS  
773 |g volumen 8, número 6; páginas 8-10  
999 |c 32884  |d 32884